000 00564nam a22001817a 4500
005 20251108164011.0
008 250721s1994 xx 000 0 ara d
082 1 4 _a180/مرح
100 1 _aمرحبا، محمد عبد الرحمن
245 1 0 _aالفلسفة ما قبل عصر الفلسفة /
264 1 _aبيروت :
_bمؤسسة عزالدين،
_c1994.
300 _a357ص
490 0 _aالفلفسة في العالم و التاريخ
650 1 7 _aالفلسفة القديمة
650 1 7 _aالتاريخ
942 _2ddc
_cBK
999 _c1119
_d1119